000 00931nam a2200265Ia 4500
003 OSt
005 20221005110427.0
006 a|||||r|||| 00| 0
007 ta
008 221004b |||||||| |||| 00| 0 hin d
020 _a9789381467046 (hbk)
_c3375
024 _a17258
037 _b24019, 27/03/2015, Kitab Ghar
_cTextual
040 _aCRL
_cCRL
_bhin
041 _2hin
_ahin
082 _aO152,3N16x, Q1
100 _aशास्त्री, जानकीवल्लभ
245 0 _aहंसबलाका
246 _aHansabalākā
260 _aनई दिल्ली
_bकिताबघर प्रकाशन भारत
_c2011
300 _a458पृ0
_ccm.
650 _aहिन्दी साहित्य
942 _hO152,3N16x, Q1
_cTEXL
_2cc
999 _c1018772
_d1018772